000 00821cam a2200205 4500
001 WB3827-22
008 020723n2002 000 0 eng u
035 _a(Sirsi) u118998
245 _aRICS warns over valuations
260 _c2002
490 _aEstates Gazette
_v(0229) 20 July 2002, 20&54(1)
520 _aBoth RICS President, Peter Fall and chief executive, Louis Armstrong, have written to surveying firms urging them to implement recommendations from the Carsberg report in order to avoid Enron-type scandals. The Carsberg report recommended that RICS should tighten up property valuations.
590 _aWB
650 _aPROFESSIONAL STANDARDS
650 _aPROPERTY VALUATIONS
650 _aPROFESSIONAL PRACTICE
650 _aOFT
690 _aPROPERTY-PROPERTY APPRAISAL AND VALUATION
942 _n0
999 _c70793
_d70793